000 00282nam a2200121Ia 4500
008 240624s9999 xx 000 0 und d
041 _aeng
082 _a658.7 HAN
100 _aHANDFIELD ROBERT B
245 _aSUPPLY CHAIN REDESIGN TRANSFORMING SUPPL
260 _c2003
365 _cRS
999 _c503
_d503